01005cam a22003013a 45000010008000000030009000080050017000170070008000340080040000420100006000820200018000880400025001060820025001311000017001562450171001732600028003443000034003724900027004065000022004335340041004556500027004966500022005237000049005457000033005947000034006277000032006617100010006930000719DO-SdBNP20220627110303.00000719861112 2010 sp ac 000 0 spa d a  a9788466220415 aBPMSUcspadBPMSUd  aR930bB886e 20102221 aBruce, Julia10aEnciclopedia del saber : bantiguas civilizaciones /cJulia Bruce ; traducción Maria Jesús Sevillano Ureta ; ilustraciones Nichy Palin, Peter Dennis, Gary Hincks aMadrid :bLibsa,c2010. a32 p. :bil., retratoc31 cm.0 aEnciclopedia del saber aIncluye índice. aTítulo original : tAncient wolds  4aCivilización antigua 4aHistoria antigua.1 aSevillano Ureta, María Jesúsetraductor 12aPalin, Nickyeilustraciones 1 aDennis, Petereilustraciones 1 aHincks, Garyeilustraciones2 aLIBSA